000 00478nam a2200181Ia 4500
008 240925s9999 xx 000 0 und d
020 _a835916340
082 _a621.3815 BEL
100 _aBell, David A.
245 0 _aElectronic Devices and Circuits
250 _a2nd
260 _aVirginia:
_bReston Publishing Company
_c,1980.
300 _axix,847p.
_bNA
_fPhotocopy
500 _aIncludes Index
600 _aElectronic Engineering
650 _aTechnology
942 _cBK
999 _c3272
_d3272